00995cam a22002535a 45000010009000000050017000090080041000260200018000670400033000850820019001181000023001372450119001602600064002793000034003435000024003775040031004016500053004326530025004857000020005107000030005309420008005609990017005689520156005851876279320161206120350.0150827t2016 flua frb 001 0 eng d a9781482226546 aDLCbengcDLCdDLCdEG-ScBUE04a006.4222bDAT1 aDatta, Asit Kumar.10aFace detection and recognition :btheory and practice /cAsit Kumar Datta, Madhura Datta, Pradipta Kumar Banerjee. aBoca Raton :bCRC Press / Taylor & Francis Group, cc.2016. axxv, 325 p. :bill. ;c24 cm. aIndex : p. 323-325. aBibliography : p. 305-321. 7aHuman face recognition (Computer science)2BUEsh bCOMSCIcDecember20161 aDatta, Madhura.1 aBanerjee, Pradipta Kumar. 2ddc c23471d23443 00102ddc40708BaccahaMAINbMAINcLOWd2016-12-06ePurchaseg960.00h25137l1m2o006.4 DATp000040223r2025-07-15 00:00:00s2017-09-26v1200.00yBB